000 00551nam a2200193Ia 4500
005 20250508152551.0
008 008 250505s9999 xx 000 0 eng d
037 _aReference
040 _aFEDL
_beng
_cFEDL
041 _aeng
_2eng
084 _a520.3, RUD
_qFEDL
100 _aRudaux Lucien
_9761823
245 0 _aLarousse encyclopedia of astronomy
260 _aLondon, UK
_bBatchworth Press Limited
_c1959
300 _avii,506p.
700 _a Vaucouleurs G De
_9761824
942 _cREF
_h520.3, RUD
999 _c1337299
_d1337299